El libro del Apocalipsis

Zapisane w:
Opis bibliograficzny
1. autor: Blanchard, Yves-Marie (Autor)
Format: Książka
Język:hiszpański
Wydane: Pamplona Verbo Divino 2015
Wydanie:1a. ed
Seria:Cuadernos Bíblicos, 170
Hasła przedmiotowe:
Etykiety: Dodaj etykietę
Nie ma etykietki, Dołącz pierwszą etykiete!

MARC

LEADER 00000cam a2200000 a 4500
001 UCD4411
003 CL-VaPUC
008 160708e20150000sp |||||||||||||||||spa|d
020 |a 9788490731949 
082 0 4 |a 229.94  |b BLA  |2 21 
100 0 |a Blanchard, Yves-Marie  |e author  |9 588090 
245 1 3 |a El libro del Apocalipsis 
250 |a 1a. ed 
300 |a 60 p 
942 |c BK 
945 |d 20160708 23:22:00  |a dcastane 
260 |a Pamplona  |b Verbo Divino  |c 2015 
650 0 |a Apocalipsis (Revelación)  |9 314500 
650 0 |a Nuevo testamento  |9 257604 
650 0 |a Escatología  |9 314395 
583 |a last modification  |c 20160708 23:22:00  |k Rodrigo Vera 
490 0 |a Cuadernos Bíblicos, 170 
999 |c 365309  |d 365307 
952 |0 0  |1 0  |3 erb  |4 0  |6 229_940000000000000_BLA_2015  |7 0  |8 A  |9 479110  |a BIBTEO  |b BIBTEO  |i 5296285  |l 2  |o 229.94 BLA 2015  |p 5296285  |r 2025-01-17  |s 2024-10-08  |w 2019-11-24  |y BK  |z Catalogado en:20160708  |k ICR